Notes on the Catholic Doctrine of Purity (Record no. 118876)
[ view plain ]
| 000 -LEADER | |
|---|---|
| fixed length control field | 00419nam a22001337a 4500 |
| 008 - FIXED-LENGTH DATA ELEMENTS--GENERAL INFORMATION | |
| fixed length control field | 131202b xxu||||| |||| 00| 0 eng d |
| 050 ## - LIBRARY OF CONGRESS CALL NUMBER | |
| Classification number | BX1750 |
| Item number | .T93.N6 |
| 100 ## - MAIN ENTRY--PERSONAL NAME | |
| Personal name | Tyrell, George S.J. |
| 9 (RLIN) | 4513 |
| 245 ## - TITLE STATEMENT | |
| Title | Notes on the Catholic Doctrine of Purity |
| Statement of responsibility, etc | George Tyrrell |
| 260 ## - PUBLICATION, DISTRIBUTION, ETC. (IMPRINT) | |
| Place of publication, distribution, etc | Roehampton |
| Name of publisher, distributor, etc | Manresa Press |
| Date of publication, distribution, etc | 1897 |
| 300 ## - PHYSICAL DESCRIPTION | |
| Extent | 96p; |
| Dimensions | 19cm. |
| 650 ## - SUBJECT ADDED ENTRY--TOPICAL TERM | |
| Topical term or geographic name as entry element | Sexual ethics |
| General subdivision | Catholic Church |
| 9 (RLIN) | 4514 |
| 942 ## - ADDED ENTRY ELEMENTS (KOHA) | |
| Source of classification or shelving scheme | Library of Congress Classification |
| Item type | Monograph ( Printed materials) |
| Withdrawn status | Lost status | Source of classification or shelving scheme | Damaged status | Not for loan | Home library | Current library | Date acquired | Total Checkouts | Full call number | Barcode | Date last seen | Price effective from | Koha item type |
|---|---|---|---|---|---|---|---|---|---|---|---|---|---|
| Library of Congress Classification | ARRUPE LIBRARY | ARRUPE LIBRARY | 02/12/2013 | BX1750 .T93.N6 | 46410850 | 22/11/2017 | 02/12/2013 | Monograph ( Printed materials) |